000 00668nam a2200253 a 4500
001 25827
003 CO-ViMGA
008 141112s2004 ck r 000 u spa d
020 _a9789588441335
040 _aCO-ViMGA
_bspa
_cCO-ViMGA
041 _aSPA
090 _aN IRI2
100 1 _aIriarte, Helena, 1937 -
_940110
245 1 0 _aBajo una luz más clara /
_cHelena Iriarte
250 _a1a ed.
260 _aBogotá :
_bBabel,
_c2013
300 _a136 p.
490 _aFrontera
650 1 4 _aAUTORES COLOMBIANOS
_932
650 1 4 _aMUERTE - NOVELA
650 1 4 _aMUERTOS - NOVELA
_940111
650 1 4 _aNOVELA COLOMBIANA - SIGLO XX
_92058
942 _2ddc
_cBK
999 _c5392
_d5392